The design and construction of concrete pavements
Descripción Física:
47 p. : il., graf., taules ; 28 cm
Otros Autores:
Portland Cement Association
Materias:
Paviments d'asfalt -- Estats Units
MARC
| LEADER | 00000nam a2200000Ia 4500 | ||
|---|---|---|---|
| 001 | 24425 | ||
| 008 | 160829s9999 xx 000 0 cat d | ||
| 080 | |a FU-66-11 | ||
| 100 | |a Portland Cement Association, Chicago |9 50464 | ||
| 245 | 4 | |a The design and construction of concrete pavements | |
| 260 | |a [Chicago] : |b Portland Cement Co., [c1930?] | ||
| 300 | |a 47 p. : |b il., graf., taules ; |c 28 cm | ||
| 590 | |a Text en anglès | ||
| 650 | |a Paviments d'asfalt |x Estats Units |9 49318 | ||
| 700 | |a Portland Cement Association |9 50465 | ||
| 901 | |a Arxiu | ||
| 942 | |n 1 | ||
| 952 | |0 0 |1 0 |4 0 |6 FU6611 |7 1 |9 56048 |a Arxiu |b Arxiu |d 2016-12-01 |l 0 |o FU-66-11 |p 24425 |r 2016-12-01 00:00:00 |w 2016-12-01 |y ARXIU | ||
| 999 | |c 59922 |d 59922 | ||